000 00936akm a2200349a 44500
008 960109s1992 cat
017 _aPM-1123-1992
041 _acat
080 _a598.2(460.32)(038)
110 _aBalears. Govern. Servei de Conservació de la Naturalesa
_961498
245 _aAucells marins de les Balears
245 _cBalears. Govern. Servei de Conservació de la Naturalesa.
245 _h[cartell]
260 _a[Palma de Mallorca]
260 _bGovern Balear
260 _c1992
300 _bil.
490 _aFauna Protegida;
_v5
520 _a9
522 _aIlles Balears
591 _a3834
592 _aObra terminològica
593 _aDGB
594 _a3834
650 _aocells
_961565
830 _aFauna Protegida;
_v5
_964803
901 _cDL <1992>
902 _a960109
942 _cMO
_n0
999 _c53991
_d53991